000 00593nam a2200205Ia 4500
003 IN-BaIIA
008 211028s9999 xx 000 0 eng d
040 _cIIA Library
080 _a52(091)
_bGUI-2
100 _aGuinness, Grattan H.
_92828
245 0 _aCreation centred in christ
_bvol. II
_cH. Grattan Guinness
260 _aLondon
_bHodder and Stoughton
_c1896
300 _aLxxxvii, 627p.
650 _aArchives
650 _aAstronomy and Astrophysics thesaurus
650 _aAstronomy-History
_9900
650 _aHistory-Astronomy
_91125
650 _aTable-Moon
_92829
942 _cBK
999 _c1374
_d1374